| 000 | 01300nam a2200205Ia 4500 | ||
|---|---|---|---|
| 003 | Ost | ||
| 005 | 20260507075133.0 | ||
| 008 | 260507s9999||||xx |||||||||||||| ||und|| | ||
| 040 | _cfsecg | ||
| 041 | _aara | ||
| 082 | _a330 | ||
| 100 |
_aفريدمان، مايك _eمؤلف |
||
| 245 | 0 |
_aفن ومنهج القيادة الإستراتيجية / _c مايك فريدمان |
|
| 260 |
_aالقاهرة: _bالمنظمة العربية للتنمية الإدارية, _c2006 |
||
| 300 |
_a327 صفحة؛ _bإيضاحات ؛ _c24 سم |
||
| 520 | _aما وراء الرؤية- القيادة الأستراتيجية- من البيانات الى الكمية- صياغة الإستراتيجية- المحدادات الأولية- صياغة الإستراتيجية- القوة الدافعة وقدرتها-استكمال خريطة الطريق- كيفية تطبيق الإلستراتيجية- التخطيط الإستراتيجي للمشروعات الرئيسية- التنفيذ- اتساق الإستراتيجية وتجديدها- الإستراتيجية في القرن الحادي والعشرين- دروس لقادة استراتيجين. | ||
| 653 | _aالقيادة | ||
| 700 |
_aهدجان، عبد الرحمن بن أحمد _eمؤلف ثانوي |
||
| 942 | _cكتاب | ||
| 999 |
_c43239 _d43239 |
||